[Event "Fredericia Chess 2019"]
[Site "?"]
[Date "2019.05.31"]
[Round "4.4"]
[White "Ahlander, IM Björn"]
[Black "Boe Olsen, FM Filip"]
[Result "1/2-1/2"]
[BlackElo "2394"]
[WhiteElo "2421"]
[LiveChessVersion "1.4.8"]

1. d4 Nf6 2. c4 g6 3. Nc3 d5 4. Bg5 Ne4 5. Bh4 Nxc3 6. bxc3 dxc4 7. e3 Be6 8. Qb1
b6 9. Qb5+ c6 10. Qe5 Rg8 11. Qe4 Qd5 12. Qc2 c5 13. e4 Qh5 14. d5 Bxd5 15. Nf3
Bc6 16. Bxc4 b5 17. Be2 Qg4 18. O-O Qxe4 19. Bd3 Qg4 20. h3 Qc8 {[%clk 0:15:49]}
21. Ne5 {[%clk 0:32:11]} c4 {[%clk 0:08:17]} 22. Be4 {[%clk 0:28:54]} Bb7
{[%clk 0:08:19]} 23. Rfe1 {[%clk 0:26:50]} Nc6 {[%clk 0:06:17]} 24. a4
{[%clk 0:20:45]} Nxe5 {[%clk 0:03:46]} 25. Bxb7 {[%clk 0:21:09]} Qxb7
{[%clk 0:04:10]} 26. Rxe5 {[%clk 0:21:33]} e6 {[%clk 0:03:52]} 27. Qe2
{[%clk 0:17:28]} g5 {[%clk 0:02:30]} 28. Bg3 {[%clk 0:17:13]} Rg6
{[%clk 0:02:00]} 29. Rxb5 {[%clk 0:16:17]} Qc6 {[%clk 0:02:18]} 30. Rab1
{[%clk 0:16:31]} Bd6 {[%clk 0:02:08]} 31. Bxd6 {[%clk 0:10:43]} Qxd6
{[%clk 0:02:36]} 32. Rd1 {[%clk 0:11:05]} Qc7 {[%clk 0:01:52]} 33. Rd4
{[%clk 0:11:31]} Rc8 {[%clk 0:01:39]} 34. Rb4 {[%clk 0:11:58]} Rf6
{[%clk 0:01:07]} 35. Rdxc4 {[%clk 0:06:59]} Qd8 {[%clk 0:01:18]} 36. Rxc8
{[%clk 0:05:54]} Qxc8 {[%clk 0:01:47]} 37. Qe5 {[%clk 0:06:14]} Rf5
{[%clk 0:01:41]} 38. Qh8+ {[%clk 0:06:32]} Kd7 {[%clk 0:02:07]} 39. Qd4+
{[%clk 0:06:51]} Ke7 {[%clk 0:02:22]} 40. Qxa7+ {[%clk 0:06:19]} Kf6
{[%clk 0:02:41]} 41. Qd4+ {[%clk 0:05:10]} Kg6 {[%clk 0:01:16]} 42. Rb5
{[%clk 0:05:34]} Rf4 {[%clk 0:29:20]} 43. Qe3 {[%clk 0:30:45]} h6
{[%clk 0:27:16]} 44. Rb4 {[%clk 0:26:58]} Rf5 {[%clk 0:25:59]} 45. Qd3
{[%clk 0:27:08]} Kg7 {[%clk 0:25:30]} 46. Qd4+ {[%clk 0:25:35]} Kg6
{[%clk 0:25:00]} 47. h4 {[%clk 0:25:23]} Rd5 {[%clk 0:23:54]} 48. Qe4+
{[%clk 0:22:45]} Kg7 {[%clk 0:23:37]} 49. Qe3 {[%clk 0:21:50]} Qc7
{[%clk 0:22:06]} 50. Rd4 {[%clk 0:20:36]} Re5 {[%clk 0:20:49]} 51. Qd2
{[%clk 0:21:03]} Rc5 {[%clk 0:20:54]} 52. hxg5 {[%clk 0:19:10]} hxg5
{[%clk 0:21:11]} 53. Rg4 {[%clk 0:17:35]} Qe5 {[%clk 0:18:06]} 54. Rd4
{[%clk 0:16:08]} Qf5 {[%clk 0:17:10]} 55. f3 {[%clk 0:11:51]} Qb1+
{[%clk 0:15:19]} 56. Kf2 {[%clk 0:12:17]} Qb3 {[%clk 0:14:50]} 57. Rg4
{[%clk 0:11:03]} Kh6 {[%clk 0:11:00]} 58. Rh4+ {[%clk 0:09:07]} Kg6
{[%clk 0:10:38]} 59. Rg4 {[%clk 0:09:34]} Kh6 {[%clk 0:11:00]} 60. c4
{[%clk 0:08:09]} Qxa4 {[%clk 0:09:19]} 61. Rh4+ {[%clk 0:08:37]} Kg6
{[%clk 0:08:50]} 62. Qd3+ {[%clk 0:09:05]} Rf5 {[%clk 0:08:44]} 63. Rd4
{[%clk 0:08:12]} Qa2+ {[%clk 0:08:59]} 64. Kg3 {[%clk 0:07:51]} Qa1
{[%clk 0:08:22]} 65. c5 {[%clk 0:07:24]} Qe1+ {[%clk 0:08:02]} 66. Kh2
{[%clk 0:07:09]} Kg7 {[%clk 0:06:37]} 67. Re4 {[%clk 0:06:16]} Qf2
{[%clk 0:03:55]} 68. Qc3+ {[%clk 0:05:47]} Kh7 {[%clk 0:03:56]} 69. c6
{[%clk 0:04:04]} g4 {[%clk 0:03:51]} 70. fxg4 {[%clk 0:02:34]} Qh4+
{[%clk 0:03:54]} 71. Kg1 {[%clk 0:02:49]} Qf2+ {[%clk 0:04:14]} 72. Kh2
{[%clk 0:03:13]} Qh4+ {[%clk 0:04:37]} 73. Kg1 {[%clk 0:03:04]} Qf2+
{[%clk 0:04:53]} 74. Kh2 {[%clk 0:03:31]} 1/2-1/2

[Event "Fredericia Chess 2019"]
[Site "?"]
[Date "2019.06.01"]
[Round "6.1"]
[White "Vasli, FM Aref"]
[Black "Antonsen, IM Mikkel"]
[Result "1/2-1/2"]
[BlackElo "2423"]
[WhiteElo "2346"]
[LiveChessVersion "1.4.8"]

1. e4 c5 {[%clk 1:30:39]} 2. Nf3 {[%clk 1:31:13]} Nc6 {[%clk 1:31:06]} 3. d4
{[%clk 1:31:34]} cxd4 {[%clk 1:31:31]} 4. Nxd4 {[%clk 1:31:56]} Nf6
{[%clk 1:31:59]} 5. Nc3 {[%clk 1:32:14]} e5 {[%clk 1:32:23]} 6. Ndb5
{[%clk 1:32:39]} d6 {[%clk 1:32:49]} 7. a4 {[%clk 1:33:02]} a6 {[%clk 1:31:44]}
8. Na3 {[%clk 1:33:24]} Bg4 {[%clk 1:32:10]} 9. Qd3 {[%clk 1:33:45]} Be6
{[%clk 1:28:20]} 10. Bg5 {[%clk 1:33:44]} Be7 {[%clk 1:28:42]} 11. Bxf6
{[%clk 1:33:58]} Bxf6 {[%clk 1:29:09]} 12. Nd5 {[%clk 1:34:16]} Bg5
{[%clk 1:29:23]} 13. Nc4 {[%clk 1:27:07]} O-O {[%clk 1:28:10]} 14. a5
{[%clk 1:21:52]} f5 {[%clk 1:05:09]} 15. c3 {[%clk 1:00:07]} fxe4
{[%clk 1:01:21]} 16. Qxe4 {[%clk 0:58:35]} Bf5 {[%clk 0:59:48]} 17. Qf3
{[%clk 0:55:57]} Kh8 {[%clk 0:56:05]} 18. Ncb6 {[%clk 0:52:38]} Rb8
{[%clk 0:55:25]} 19. Be2 {[%clk 0:52:03]} e4 {[%clk 0:54:21]} 20. Qg3
{[%clk 0:52:13]} Bh4 {[%clk 0:52:33]} 21. Qe3 {[%clk 0:52:27]} Bg5
{[%clk 0:52:49]} 22. Qg3 {[%clk 0:52:39]} Bh4 {[%clk 0:45:59]} 23. Qe3
{[%clk 0:52:24]} Bg5 {[%clk 0:45:59]} 24. Qg3 {[%clk 0:52:24]} Bh4
{[%clk 0:45:59]} 1/2-1/2

[Event "Fredericia Chess 2019"]
[Site "?"]
[Date "2019.06.01"]
[Round "7.2"]
[White "Sörensen, FM Hampus"]
[Black "Brondt, FM Nicolai"]
[Result "1-0"]
[BlackElo "2325"]
[WhiteElo "2343"]
[LiveChessVersion "1.4.8"]

1. d4 {[%clk 1:29:59]} d5 {[%clk 1:30:55]} 2. c4 {[%clk 1:29:42]} c6
{[%clk 1:31:19]} 3. Nf3 {[%clk 1:29:28]} Nf6 {[%clk 1:31:45]} 4. Nc3
{[%clk 1:29:40]} e6 {[%clk 1:32:12]} 5. e3 {[%clk 1:27:53]} a6 {[%clk 1:32:13]}
6. Bd3 {[%clk 1:20:21]} dxc4 {[%clk 1:30:56]} 7. Bxc4 {[%clk 1:20:45]} b5
{[%clk 1:31:17]} 8. Be2 {[%clk 1:20:55]} c5 {[%clk 1:30:04]} 9. O-O
{[%clk 1:21:05]} Bb7 {[%clk 1:25:30]} 10. dxc5 {[%clk 1:19:05]} Qxd1
{[%clk 1:25:06]} 11. Rxd1 {[%clk 1:16:46]} Bxc5 {[%clk 1:22:22]} 12. Nd2
{[%clk 1:16:40]} Nbd7 {[%clk 1:12:10]} 13. Nb3 {[%clk 1:15:55]} Rd8
{[%clk 0:48:56]} 14. Nxc5 {[%clk 1:07:12]} Nxc5 {[%clk 0:47:26]} 15. f3
{[%clk 0:58:35]} Ke7 {[%clk 0:43:10]} 16. e4 {[%clk 0:55:47]} b4 {[%clk 0:40:44]}
17. Rxd8 {[%clk 0:55:15]} Rxd8 {[%clk 0:41:01]} 18. Nd1 {[%clk 0:55:34]} Rc8
{[%clk 0:30:32]} 19. Be3 {[%clk 0:52:42]} Nfd7 {[%clk 0:29:54]} 20. Rc1
{[%clk 0:48:33]} Na4 {[%clk 0:26:30]} 21. Rxc8 {[%clk 0:47:01]} Bxc8
{[%clk 0:26:59]} 22. Bd2 {[%clk 0:38:33]} a5 {[%clk 0:26:30]} 23. a3
{[%clk 0:37:02]} Kd6 {[%clk 0:20:21]} 24. axb4 {[%clk 0:36:06]} axb4
{[%clk 0:20:46]} 25. Bxb4+ {[%clk 0:36:27]} Kc6 {[%clk 0:20:48]} 26. Kf2
{[%clk 0:34:07]} Ndc5 {[%clk 0:20:42]} 27. Ke3 {[%clk 0:29:35]} e5
{[%clk 0:19:56]} 28. Nc3 {[%clk 0:25:04]} Nxc3 {[%clk 0:15:39]} 29. Bxc3
{[%clk 0:24:04]} f6 {[%clk 0:15:36]} 30. Bb4 {[%clk 0:24:09]} Be6
{[%clk 0:13:34]} 31. Ba3 {[%clk 0:23:55]} g6 {[%clk 0:12:03]} 32. Bf1
{[%clk 0:20:51]} Ba2 {[%clk 0:10:18]} 33. g3 {[%clk 0:16:01]} Be6
{[%clk 0:09:20]} 34. Bb4 {[%clk 0:09:35]} Kb6 {[%clk 0:03:34]} 35. Be2
{[%clk 0:08:16]} Bb3 {[%clk 0:03:01]} 36. Kd2 {[%clk 0:07:44]} Be6
{[%clk 0:03:12]} 37. Kc3 {[%clk 0:07:10]} Na4+ {[%clk 0:03:19]} 38. Kc2
{[%clk 0:06:54]} Nc5 {[%clk 0:03:39]} 39. Bd2 {[%clk 0:06:13]} Nb3
{[%clk 0:02:23]} 40. Be3+ {[%clk 0:05:33]} Kc6 {[%clk 0:01:57]} 41. Kc3
{[%clk 0:05:19]} Nc5 {[%clk 0:23:58]} 42. Kb4 {[%clk 0:33:24]} Nb7
{[%clk 0:22:24]} 43. Bb5+ {[%clk 0:32:33]} Kd6 {[%clk 0:20:56]} 44. Ba7
{[%clk 0:27:40]} Kc7 {[%clk 0:16:22]} 45. Bc5 {[%clk 0:26:44]} Kd8
{[%clk 0:09:31]} 46. Bc6 {[%clk 0:24:31]} Kc7 {[%clk 0:09:06]} 47. Bxb7
{[%clk 0:22:33]} Kxb7 {[%clk 0:09:23]} 48. Be7 {[%clk 0:22:59]} f5
{[%clk 0:04:27]} 49. Kc5 {[%clk 0:21:46]} Bb3 {[%clk 0:03:56]} 50. Kd6
{[%clk 0:22:03]} fxe4 {[%clk 0:04:18]} 51. fxe4 {[%clk 0:22:32]} Kc8
{[%clk 0:04:33]} 52. Kxe5 {[%clk 0:22:53]} Kd7 {[%clk 0:04:42]} 53. Kf6
{[%clk 0:21:56]} Bc2 {[%clk 0:04:06]} 54. e5 {[%clk 0:22:18]} Bd3
{[%clk 0:03:37]} 55. e6+ {[%clk 0:21:21]} Ke8 {[%clk 0:03:54]} 56. Bc5
{[%clk 0:21:44]} Bc4 {[%clk 0:03:01]} 57. Ke5 {[%clk 0:21:32]} Bb3
{[%clk 0:03:15]} 58. Kd6 {[%clk 0:21:49]} Kd8 {[%clk 0:02:51]} 59. Bb6+
{[%clk 0:21:10]} Ke8 {[%clk 0:03:19]} 60. Be3 {[%clk 0:21:11]} Kd8
{[%clk 0:03:14]} 61. Bg5+ {[%clk 0:21:17]} Ke8 {[%clk 0:03:31]} 62. Bf6
{[%clk 0:21:19]} Bc2 {[%clk 0:02:56]} 63. b4 {[%clk 0:21:43]} Ba4
{[%clk 0:03:16]} 64. Bd4 {[%clk 0:20:38]} g5 {[%clk 0:02:47]} 65. e7
{[%clk 0:19:30]} g4 {[%clk 0:03:06]} 66. Bc5 {[%clk 0:19:01]} Bb5
{[%clk 0:03:04]} 67. Kc7 {[%clk 0:19:14]} Bd3 {[%clk 0:02:26]} 68. Kc6
{[%clk 0:19:05]} Be4+ {[%clk 0:02:44]} 69. Kb6 {[%clk 0:19:14]} Kd7
{[%clk 0:02:38]} 70. b5 {[%clk 0:19:38]} Bd3 {[%clk 0:02:17]} 71. Ba3
{[%clk 0:19:39]} Be2 {[%clk 0:01:46]} 72. Bd6 {[%clk 0:13:01]} Bf1
{[%clk 0:01:36]} 73. Kc5 {[%clk 0:12:29]} Bg2 {[%clk 0:01:49]} 74. Kd4
{[%clk 0:12:26]} Ke8 {[%clk 0:02:03]} 75. Ke5 {[%clk 0:12:49]} Kf7
{[%clk 0:02:18]} 76. Ba3 {[%clk 0:12:51]} Ke8 {[%clk 0:01:36]} 77. Bd6 1-0

[Event "Fredericia Chess 2019"]
[Site "?"]
[Date "2019.06.02"]
[Round "9.1"]
[White "Sörensen, FM Hampus"]
[Black "Jacobsen, FM Mikkel Manosri"]
[Result "1/2-1/2"]
[BlackElo "2319"]
[WhiteElo "2343"]
[LiveChessVersion "1.4.8"]

1. d4 {[%clk 1:30:45]} d5 {[%clk 1:30:54]} 2. c4 {[%clk 1:30:59]} e6
{[%clk 1:31:20]} 3. Nf3 {[%clk 1:31:00]} Nf6 {[%clk 1:31:46]} 4. Bg5
{[%clk 1:31:12]} c6 {[%clk 1:31:53]} 5. e3 {[%clk 1:24:25]} Nbd7 {[%clk 1:31:25]}
6. Nbd2 {[%clk 1:21:52]} h6 {[%clk 1:31:47]} 7. Bh4 {[%clk 1:17:27]} Be7
{[%clk 1:32:01]} 8. Bd3 {[%clk 1:16:35]} O-O {[%clk 1:31:26]} 9. O-O
{[%clk 1:14:23]} b6 {[%clk 1:30:52]} 10. Qe2 {[%clk 1:09:01]} Bb7
{[%clk 1:30:31]} 11. Rad1 {[%clk 1:07:24]} c5 {[%clk 1:29:49]} 12. cxd5
{[%clk 1:00:41]} exd5 {[%clk 1:27:18]} 13. dxc5 {[%clk 0:54:17]} bxc5
{[%clk 1:27:20]} 14. Bg3 {[%clk 0:51:28]} Qb6 {[%clk 1:24:48]} 15. e4
{[%clk 0:43:11]} c4 {[%clk 1:19:38]} 16. exd5 {[%clk 0:33:49]} cxd3
{[%clk 1:19:09]} 17. Qxe7 {[%clk 0:34:12]} Bxd5 {[%clk 0:58:06]} 18. Qa3
{[%clk 0:33:12]} a5 {[%clk 0:56:33]} 19. Qxd3 {[%clk 0:28:57]} Qxb2
{[%clk 0:56:17]} 20. a3 {[%clk 0:28:46]} Rfc8 {[%clk 0:53:19]} 21. Ra1
{[%clk 0:23:42]} Rc3 {[%clk 0:52:33]} 22. Qb1 {[%clk 0:21:12]} Qxb1
{[%clk 0:51:39]} 23. Rfxb1 {[%clk 0:21:32]} Rac8 {[%clk 0:50:43]} 24. h3
{[%clk 0:20:23]} Rc2 {[%clk 0:49:24]} 25. Bf4 {[%clk 0:17:27]} Ba2
{[%clk 0:46:01]} 26. Rb5 {[%clk 0:16:06]} a4 {[%clk 0:45:40]} 27. Ra5
{[%clk 0:12:21]} Bb3 {[%clk 0:35:02]} 28. Rb5 {[%clk 0:11:58]} Nd5
{[%clk 0:34:41]} 29. Bd6 {[%clk 0:07:06]} Nc3 {[%clk 0:30:17]} 30. Rb7
{[%clk 0:06:15]} Be6 {[%clk 0:30:31]} 31. Bb4 {[%clk 0:04:03]} Nc5
{[%clk 0:30:03]} 32. Bxc5 {[%clk 0:03:37]} Rxc5 {[%clk 0:30:30]} 33. Rb4
{[%clk 0:03:35]} Bd5 {[%clk 0:24:35]} 34. Re1 {[%clk 0:02:05]} Ra2
{[%clk 0:24:14]} 35. Re8+ {[%clk 0:01:36]} Kh7 {[%clk 0:24:40]} 36. Rbb8
{[%clk 0:01:28]} Be6 {[%clk 0:22:14]} 37. Ra8 {[%clk 0:01:37]} Rd5
{[%clk 0:21:00]} 38. Nc4 {[%clk 0:01:07]} Rd1+ {[%clk 0:17:46]} 39. Kh2
{[%clk 0:01:36]} Bxc4 {[%clk 0:17:59]} 40. Ne5 {[%clk 0:01:41]} g6
{[%clk 0:17:02]} 41. Nxc4 {[%clk 0:25:54]} Rxf2 {[%clk 0:46:11]} 42. Ne3
{[%clk 0:25:34]} Rd4 {[%clk 0:44:19]} 43. Ng4 {[%clk 0:24:58]} Rxg4
{[%clk 0:44:03]} 44. hxg4 {[%clk 0:25:26]} Ne2 {[%clk 0:42:00]} 45. Rxa4
{[%clk 0:24:09]} g5 {[%clk 0:42:23]} 46. Ra7 {[%clk 0:19:19]} Kg7
{[%clk 0:39:39]} 47. Ree7 {[%clk 0:19:06]} Kg6 {[%clk 0:39:49]} 48. a4
{[%clk 0:16:22]} Nf4 {[%clk 0:40:04]} 49. Kg3 {[%clk 0:16:19]} Rf1
{[%clk 0:39:16]} 50. a5 {[%clk 0:15:51]} h5 {[%clk 0:39:41]} 51. gxh5+
{[%clk 0:14:52]} Nxh5+ {[%clk 0:39:24]} 52. Kh2 {[%clk 0:14:23]} g4
{[%clk 0:38:31]} 53. g3 {[%clk 0:12:59]} Rf2+ {[%clk 0:38:26]} 54. Kg1
{[%clk 0:13:23]} Rf3 {[%clk 0:38:53]} 55. Rxf7 {[%clk 0:13:21]} Rxg3+
{[%clk 0:39:11]} 56. Kf1 {[%clk 0:09:19]} 1/2-1/2